000
00265nam a2200109Ia 4500
008
240625s9999 xx 000 0 und d
041
_a
eng
082
_a
658 PAT
100
_a
PATTANAIK DEVDUTT
245
_a
VERY INDIAN APPROACH TO MANAGEMENT BUSIN
365
_c
RS
_b
5
999
_c
32877
_d
32877